Vrai ou faux sur la 2nde Guerre mondiale - Statistiques

Statistiques générales
  • Ce quiz a été pris 1 798 fois
    1 759 depuis la dernière actualisation
  • Le résultat moyen est 5 sur 10
Statistiques - réponses
Question Réponse % Correct
9 soldats français ont défendu un pont avec succès face à 5000 italiens. Vrai
73%
Le plus jeune soldat américain engagé dans le conflit avait 12 ans. Vrai
64%
L'invasion de la France par l'Allemagne s'est faite via la Belgique durant les 2 guerres mondiales. Vrai
63%
L'invasion de la Pologne par l'URSS provoque la fin du pacte de non-agression conclu entre Hitler et Staline. Faux
61%
Les japonais ont bombardé Pearl Harbor en soutient à l'Allemagne nazie. Faux
47%
La Finlande a combattu l'Allemagne nazie et l'URSS. Vrai
47%
Les commandos Kieffer furent les seuls français à débarquer sur les plages de Normandie le 6 juin 1944. Vrai
45%
La Russie et le Japon ont signé un traité de paix après la dissolution de l'URSS en 1991. Faux
35%
En 1939, l'armée allemande était supérieure technologiquement. Faux
28%
La Wafen SS était une unité d'élite uniquement constituée d'hommes d'origine et de culture allemande. Faux
27%
Aucun quiz correspondant
Distribution des résultats
% des personnes avec chaque résultat
Percentile par nombre de réponses
Votre historique - résultats
Vous n’avez pas pris ce quiz depuis la dernière actualisation